000 00429nam a2200181Ia 4500
001 1846
005 20260306143758.0
008 260306t2011||||xx |||||||||||||| ||spa||
041 _aESP
082 _a155.7
_bN29
100 _aNavarro Soria, Ignasi
_eAUT
245 0 _aPsicologĂ­a del desarrollo humano
260 _c2011
300 _a289 páginas :
_c24 cm.
650 _aGEN
654 _aCPS
942 _cLIB
_dJUS
_fJUS
_2ddc
_n
999 _c1846
_d1846